[Event "2nd EUR-ch (w)"]
[Site "Warsaw POL"]
[Date "2001.04.22"]
[Round "1.1"]
[White "Galliamova, Alisa"]
[Black "Iwaniuk, Dorota"]
[Result "1-0"]
[WhiteElo "2554"]
[BlackElo "2266"]
[EventDate "2001.04.21"]
[PlyCount "81"]

1.Nf3 Nf6 2.c4 e6 3.g3 b6 4.Bg2 Bb7 5.O-O Be7 6.Nc3 O-O 7.Re1 d6 8.e4 c5 
9.d4 cxd4 10.Nxd4 Qc8 11.Be3 Rd8 12.Rc1 Nbd7 13.f4 g6 14.Qe2 Bf8 15.Rf1 
Bg7 16.Ndb5 Qb8 17.Rcd1 Nc5 18.Bd4 e5 19.Bf2 a6 20.fxe5 dxe5 21.Rxd8+ Qxd8
22.Rd1 Qe7 23.Nd6 Bc6 24.b4 Ne6 25.Bxb6 Nd4 26.Bxd4 exd4 27.e5 dxc3 28.
Bxc6 Rd8 29.c5 Nh5 30.Re1 Bh6 31.Bd5 Bd2 32.Rf1 Qg5 33.Kh1 Qxg3 34.Rxf7 
Kh8 35.Rf3 Nf4 36.Qf1 Qxf3+ 37.Bxf3 c2 38.Nf7+ Kg7 39.Nxd8 c1=Q 40.Qxc1 
Bxc1 41.c6 1-0

[Event "2nd EUR-ch (w)"]
[Site "Warsaw POL"]
[Date "2001.04.22"]
[Round "1.2"]
[White "Hernandez Estevez, Yudania"]
[Black "Kovalevskaya, Ekaterina"]
[Result "1/2-1/2"]
[WhiteElo "2265"]
[BlackElo "2506"]
[EventDate "2001.04.21"]
[PlyCount "92"]

1.e4 c5 2.Nf3 d6 3.d4 cxd4 4.Nxd4 Nf6 5.Nc3 Nc6 6.Be2 e5 7.Nf3 h6 8.O-O 
Be7 9.Re1 O-O 10.h3 Be6 11.Bf1 Qd7 12.Nd5 Bd8 13.c4 Nh7 14.b3 Ne7 15.Ba3 
Bxd5 16.exd5 Ng6 17.c5 Be7 18.Rc1 dxc5 19.Bd3 Ng5 20.Nxe5 Nxe5 21.Rxe5 Bd6
22.Bf5 Qd8 23.Re1 Qf6 24.Qc2 h5 25.Bb2 Qh6 26.Rcd1 Rae8 27.Bc1 Qf6 28.h4 
Nf3+ 29.gxf3 Qxh4 30.f4 Bxf4 31.Bxf4 Qxf4 32.Rxe8 Rxe8 33.d6 Qg5+ 34.Kf1 
Qh4 35.Kg2 Qg5+ 36.Kh2 Qf4+ 37.Kg2 Qg5+ 38.Kf3 Re5 39.d7 Rxf5+ 40.Qxf5 
Qxf5+ 41.Ke2 Qe6+ 42.Kf1 Qh3+ 43.Ke2 Qg4+ 44.Ke1 Qe4+ 45.Kf1 Qh1+ 46.Ke2 
Qe4+ 1/2-1/2

[Event "2nd EUR-ch (w)"]
[Site "Warsaw POL"]
[Date "2001.04.22"]
[Round "1.4"]
[White "Nill, Jessica"]
[Black "Peptan, Corina-Isabela"]
[Result "0-1"]
[WhiteElo "2263"]
[BlackElo "2461"]
[EventDate "2001.04.21"]
[PlyCount "84"]

1.d4 Nf6 2.Nf3 e6 3.Bg5 h6 4.Bxf6 Qxf6 5.e4 d6 6.Nc3 g6 7.Qd2 Bg7 8.O-O-O 
O-O 9.Kb1 a6 10.e5 Qe7 11.h4 Nd7 12.Qf4 b5 13.exd6 cxd6 14.Qe4 Nb6 15.h5 
g5 16.Nd2 b4 17.Ne2 Bb7 18.Qd3 Nd5 19.Nc4 a5 20.Ne3 Rfc8 21.Nxd5 Bxd5 22.
Rc1 f5 23.f3 Qf6 24.c4 bxc3 25.Rxc3 Rcb8 26.Rc2 Rb4 27.Qa3 Qd8 28.Nc3 Rxd4
29.Nxd5 Rd1+ 30.Rc1 Rxd5 31.Bc4 Re5 32.Rhe1 Rxe1 33.Rxe1 d5 34.Bb3 Qf6 35.
Re2 a4 36.Rd2 Qe5 37.Bd1 Rb8 38.Bxa4 Qe1+ 39.Rd1 Qe2 40.Bb3 Kh7 41.Rc1 Ra8
42.Rc2 Qe1+ 0-1

[Event "2nd EUR-ch (w)"]
[Site "Warsaw POL"]
[Date "2001.04.22"]
[Round "1.5"]
[White "Zhukova, Natalia"]
[Black "Hlgatian, Goar"]
[Result "1-0"]
[WhiteElo "2463"]
[BlackElo "2258"]
[EventDate "2001.04.21"]
[PlyCount "57"]

1.d4 d5 2.c4 c6 3.Nc3 Nf6 4.e3 a6 5.Bd3 b5 6.b3 Bg4 7.Nge2 e6 8.Qc2 Be7 9.
Ng3 g6 10.f3 Bf5 11.e4 dxe4 12.fxe4 Bg4 13.Be3 Nh5 14.Nxh5 Bxh5 15.O-O O-O
16.Kh1 f5 17.Bh6 Rf7 18.d5 cxd5 19.cxd5 Bf6 20.Rac1 Rc7 21.Qd2 Nd7 22.dxe6
Ne5 23.Nd5 Rxc1 24.Rxc1 Ng4 25.Bf4 Bd4 26.e7 Qd7 27.h3 Kh8 28.hxg4 fxg4 
29.Bxb5 1-0

[Event "2nd EUR-ch (w)"]
[Site "Warsaw POL"]
[Date "2001.04.22"]
[Round "1.7"]
[White "Kachiani-Gersinska, Ketino"]
[Black "Baklanova, Tatiana"]
[Result "1-0"]
[WhiteElo "2456"]
[BlackElo "2257"]
[EventDate "2001.04.21"]
[PlyCount "57"]

1.d4 f5 2.Nf3 Nf6 3.c4 g6 4.g3 Bg7 5.b4 c6 6.Bb2 O-O 7.Bg2 d5 8.Nbd2 a5 9.
b5 cxb5 10.cxb5 a4 11.Ba3 Ne4 12.Rc1 Bd7 13.b6 Bc6 14.O-O Re8 15.Ne5 Qxb6 
16.Ndf3 Bb5 17.Rc2 e6 18.Qb1 Qa6 19.Rc7 Bxe2 20.Rfc1 Bb5 21.Rxg7+ Kxg7 22.
Rc7+ Kg8 23.Qc1 Nf6 24.Rf7 Ng4 25.h3 Nc6 26.hxg4 Nd8 27.Qc7 Nxf7 28.Qxf7+ 
Kh8 29.Ng5 1-0

[Event "2nd EUR-ch (w)"]
[Site "Warsaw POL"]
[Date "2001.04.22"]
[Round "1.8"]
[White "Sudakova, Irina"]
[Black "Bojkovic, Natasa"]
[Result "1-0"]
[WhiteElo "2256"]
[BlackElo "2447"]
[EventDate "2001.04.21"]
[PlyCount "61"]

1.e4 c5 2.Ne2 Nc6 3.c4 e5 4.g3 d6 5.Bg2 g6 6.Nbc3 Nge7 7.d3 Bg7 8.O-O O-O 
9.Rb1 f5 10.f4 fxe4 11.Nxe4 Bf5 12.Be3 Qd7 13.a3 Rae8 14.b4 cxb4 15.axb4 
Bg4 16.Qd2 b6 17.N2c3 Nf5 18.Bf2 exf4 19.gxf4 Ncd4 20.Bg3 Kh8 21.Nd5 Ne2+ 
22.Kh1 Nexg3+ 23.hxg3 Qd8 24.Kh2 Bd4 25.Rbe1 h6 26.Nf2 Bh5 27.Re4 Ng7 28.
Rxd4 g5 29.Re4 Rxe4 30.Nxe4 Ne6 31.Qb2+ 1-0

[Event "2nd EUR-ch (w)"]
[Site "Warsaw POL"]
[Date "2001.04.22"]
[Round "1.9"]
[White "Matveeva, Svetlana"]
[Black "Costagliola, Marina"]
[Result "1-0"]
[WhiteElo "2430"]
[BlackElo "2254"]
[EventDate "2001.04.21"]
[PlyCount "69"]

1.d4 d5 2.c4 e6 3.Nc3 f5 4.g3 Nf6 5.Bg2 c6 6.Nf3 Bd6 7.O-O O-O 8.Qc2 Ne4 
9.Rb1 b6 10.b4 Nxc3 11.Qxc3 b5 12.Bg5 Qe8 13.cxb5 cxb5 14.Rfc1 Bb7 15.Bf4 
Bxf4 16.gxf4 Nc6 17.Qd3 a6 18.Rc5 Rc8 19.a3 Rf7 20.Rbc1 Qd8 21.Ng5 Re7 22.
Nxe6 Rxe6 23.Bxd5 Qf6 24.Bxe6+ Qxe6 25.d5 Qg6+ 26.Qg3 Qe8 27.dxc6 Rxc6 28.
Rxc6 Bxc6 29.Qb3+ Kf8 30.f3 Bd5 31.Qd3 Qg6+ 32.Kf2 Bc4 33.Qd8+ Qe8 34.
Qxe8+ Kxe8 35.e4 1-0

[Event "2nd EUR-ch (w)"]
[Site "Warsaw POL"]
[Date "2001.04.22"]
[Round "1.10"]
[White "Bogza, Adina"]
[Black "Skripchenko-Lautier, Almira"]
[Result "0-1"]
[WhiteElo "2252"]
[BlackElo "2441"]
[EventDate "2001.04.21"]
[PlyCount "108"]

1.Nf3 c5 2.g3 Nc6 3.Bg2 e5 4.d3 d5 5.O-O Nf6 6.c4 Be7 7.cxd5 Nxd5 8.Nc3 
Nc7 9.Be3 O-O 10.Rc1 Be6 11.b3 f6 12.Nd2 Qd7 13.f4 Rab8 14.Qe1 Kh8 15.Nf3 
exf4 16.gxf4 b6 17.Kh1 Rbe8 18.Qf2 Nd5 19.Bd2 f5 20.Ng5 Nxc3 21.Nxe6 Qxe6 
22.Bxc3 Bf6 23.e4 Bxc3 24.Rxc3 Nd4 25.Rcc1 a5 26.Rce1 Rd8 27.Re3 Rf7 28.
exf5 Qxf5 29.Be4 Qf6 30.Qg2 g6 31.Rh3 Nf5 32.Rg1 Rg7 33.Qg5 Rf8 34.Qg2 Nd6
35.Rf3 Re7 36.Rff1 Nf5 37.Qh3 Ref7 38.Rg5 Ne7 39.Rg4 Qe6 40.Qh4 Nf5 41.
Bxf5 Rxf5 42.Rg3 Qd5+ 43.Rg2 g5 44.Qg3 Rxf4 45.Rg1 h6 46.Qe3 Rf3 47.Qe7 
Qxd3 48.Qe5+ R8f6 49.Rg3 Qf5 50.Qe8+ Kh7 51.R3g2 Rf1 52.Qe7+ Rf7 53.Qd8 
Rxg1+ 54.Rxg1 Qe4+ 0-1

[Event "2nd EUR-ch (w)"]
[Site "Warsaw POL"]
[Date "2001.04.22"]
[Round "1.11"]
[White "Lomineishvili, Maia"]
[Black "Khmiadashvili, Tamara"]
[Result "1-0"]
[WhiteElo "2437"]
[BlackElo "2241"]
[EventDate "2001.04.21"]
[PlyCount "91"]

1.d4 Nf6 2.c4 e6 3.Nc3 Bb4 4.Qc2 b6 5.e4 Bb7 6.Bd3 c5 7.d5 d6 8.Bd2 e5 9.
Nge2 Bxc3 10.Bxc3 Nbd7 11.O-O O-O 12.Ng3 Ne8 13.Rae1 Bc8 14.Qd2 f6 15.Be2 
Rf7 16.Bh5 g6 17.Bg4 Nf8 18.Bxc8 Qxc8 19.f4 Qg4 20.Rf3 exf4 21.Rxf4 Qg5 
22.Qf2 Nd7 23.Rf1 Qh6 24.Rg4 Kh8 25.Ne2 Ne5 26.Rg3 g5 27.Bxe5 dxe5 28.Rf3 
Qg6 29.Ng3 Rd8 30.a3 h6 31.b4 Rc8 32.b5 Kg8 33.Nf5 Rd8 34.Qe2 Nd6 35.a4 
Nxf5 36.Rxf5 g4 37.Qf2 Rd6 38.Qh4 Kg7 39.Ra1 a6 40.Ra3 Kf8 41.Rg3 axb5 42.
Rxg4 Qh7 43.axb5 Ke8 44.Qh5 Kd8 45.Rg6 Ra7 46.h3 1-0

[Event "2nd EUR-ch (w)"]
[Site "Warsaw POL"]
[Date "2001.04.22"]
[Round "1.13"]
[White "Vasylevich, Tatiana"]
[Black "Khasanova, Elmira"]
[Result "1-0"]
[WhiteElo "2438"]
[BlackElo "2249"]
[EventDate "2001.04.21"]
[PlyCount "43"]

1.d4 Nf6 2.c4 c5 3.d5 b5 4.cxb5 a6 5.e3 axb5 6.Bxb5 Qa5+ 7.Nc3 Ne4 8.Ne2 
g6 9.O-O Nxc3 10.Nxc3 Bg7 11.Qe2 O-O 12.e4 d6 13.Bg5 Ra7 14.Rfc1 Ba6 15.a4
Bxb5 16.Nxb5 Rb7 17.Bd2 Qb6 18.Bc3 Na6 19.Qd2 Rfb8 20.Ba5 Bh6 21.Qe1 Bxc1 
22.Bxb6 1-0

[Event "2nd EUR-ch (w)"]
[Site "Warsaw POL"]
[Date "2001.04.22"]
[Round "1.14"]
[White "Erenska, Hanna"]
[Black "Alexandrova, Olga"]
[Result "0-1"]
[WhiteElo "2246"]
[BlackElo "2419"]
[EventDate "2001.04.21"]
[PlyCount "104"]

1.e4 c5 2.Nf3 e6 3.d4 cxd4 4.Nxd4 Nf6 5.Bd3 Nc6 6.Nxc6 dxc6 7.O-O e5 8.Nd2
Be7 9.Qe2 Qc7 10.a4 O-O 11.Bc4 Nd7 12.a5 Nc5 13.c3 Bd7 14.b4 Ne6 15.g3 b5 
16.axb6 axb6 17.Rxa8 Rxa8 18.Nb3 b5 19.Bd3 c5 20.Bxb5 Bxb5 21.Qxb5 cxb4 
22.cxb4 Rb8 23.Qd3 Rd8 24.Qb1 Bxb4 25.Be3 h5 26.h4 Qd6 27.Kg2 Bc3 28.Qc2 
Bd4 29.Rd1 Qb4 30.Bd2 Qb5 31.Bc1 Rb8 32.Rd3 Qb7 33.Rf3 Rc8 34.Qd3 Rc3 35.
Qb1 Nc5 36.Rxc3 Bxc3 37.Nd2 Qa8 38.f3 Qa6 39.Kh3 Qe2 40.Qb8+ Kh7 41.Qc8 
Bxd2 42.Qf5+ Kh6 43.Bxd2+ Qxd2 44.Qxe5 Nd3 45.Qg5+ Kh7 46.Qd5 Nf2+ 47.Kg2 
Qxd5 48.exd5 Nd3 49.f4 Kg6 50.Kf3 Kf5 51.Ke3 Nc5 52.Kf3 Nd7 0-1

[Event "2nd EUR-ch (w)"]
[Site "Warsaw POL"]
[Date "2001.04.22"]
[Round "1.17"]
[White "Hunt, Harriet"]
[Black "Sasu-Ducsoara, Andreea"]
[Result "1-0"]
[WhiteElo "2426"]
[BlackElo "2240"]
[EventDate "2001.04.21"]
[PlyCount "143"]

1.e4 c5 2.Nf3 d6 3.Bc4 e6 4.O-O Nc6 5.Re1 Be7 6.Bb3 Nf6 7.c3 O-O 8.d4 cxd4
9.cxd4 d5 10.e5 Ne4 11.Nbd2 Nxd2 12.Bxd2 Bd7 13.a3 Rc8 14.Rc1 Qb6 15.Bc3 
Na5 16.Ba2 Nc4 17.Qc2 Qd8 18.Bb1 g6 19.Qe2 b5 20.Nd2 Qb6 21.Nxc4 dxc4 22.
Qd2 Bc6 23.Qh6 Rfd8 24.Re3 Bf8 25.Qf4 a5 26.Rd1 b4 27.axb4 axb4 28.Be1 Ba4
29.Rc1 Qxd4 30.Re4 Qxb2 31.Rexc4 Rxc4 32.Qxc4 Bh6 33.f4 Qd4+ 34.Qxd4 Rxd4 
35.g3 g5 36.f5 exf5 37.Bxf5 g4 38.Rc8+ Kg7 39.Rb8 b3 40.e6 Rd1 41.Kf2 fxe6
42.Bxg4 Rc1 43.Bxe6 Rc2+ 44.Kf3 Bd2 45.Bf2 Bc3 46.Bxb3 Bc6+ 47.Ke3 Bd4+ 
48.Kxd4 Rxf2 49.h4 h6 50.Bc4 Rf3 51.Rc8 Ba4 52.Ke5 Bb3 53.Rc7+ Kh8 54.Bxb3
Rxb3 55.Kf4 Rb5 56.Re7 Kg8 57.Re5 Rb3 58.Kg4 Kg7 59.Ra5 Rb4+ 60.Kf5 Rb7 
61.Rd5 Ra7 62.Ke6 Ra6+ 63.Rd6 Ra3 64.g4 h5 65.g5 Ra4 66.Kf5 Rxh4 67.Rd7+ 
Kf8 68.Kg6 Rh1 69.Rd8+ Ke7 70.Rh8 h4 71.Kg7 h3 72.Rh6 1-0

[Event "2nd EUR-ch (w)"]
[Site "Warsaw POL"]
[Date "2001.04.22"]
[Round "1.18"]
[White "Tsoganova, Monika"]
[Black "Prudnikova, Svetlana"]
[Result "1/2-1/2"]
[WhiteElo "2239"]
[BlackElo "2419"]
[EventDate "2001.04.21"]
[PlyCount "99"]

1.d4 Nf6 2.c4 e6 3.Nf3 c5 4.d5 exd5 5.cxd5 d6 6.Nc3 g6 7.e4 Bg7 8.Bd3 O-O 
9.O-O Bg4 10.Bf4 a6 11.a4 Qe7 12.h3 Bxf3 13.Qxf3 Nbd7 14.Qd1 Ne5 15.Be2 
Ne8 16.Re1 g5 17.Bg3 Ng6 18.Qb3 Be5 19.Bxe5 Nxe5 20.Nd1 Ng7 21.Ne3 f5 22.
exf5 Nxf5 23.Nxf5 Rxf5 24.Bg4 Rf4 25.Re2 Raf8 26.Rae1 Kh8 27.a5 Qf6 28.f3 
Rb4 29.Qc3 Rd4 30.Rd2 Rxd2 31.Qxd2 Qf4 32.Qc3 Rf7 33.Re4 Qg3 34.Bh5 Rf6 
35.b4 Rf4 36.Rxe5 dxe5 37.Qxe5+ Kg8 38.bxc5 Qh4 39.Bg4 h5 40.Qb8+ Kg7 41.
Qxb7+ Rf7 42.Qb2+ Rf6 43.Be6 Qe1+ 44.Kh2 h4 45.Qb7+ Kh6 46.Qb8 Rxf3 47.
Qh8+ Kg6 48.Qg8+ Kh6 49.Qh8+ Kg6 50.Qg8+ 1/2-1/2

[Event "2nd EUR-ch (w)"]
[Site "Warsaw POL"]
[Date "2001.04.22"]
[Round "1.19"]
[White "Foisor, Cristina"]
[Black "Sikorova, Olga"]
[Result "1-0"]
[WhiteElo "2408"]
[BlackElo "2236"]
[EventDate "2001.04.21"]
[PlyCount "91"]

1.Nf3 c5 2.c4 g6 3.d4 cxd4 4.Nxd4 Bg7 5.e4 Nc6 6.Be3 d6 7.Nc3 Nf6 8.Be2 
O-O 9.O-O a6 10.Qd2 Nxd4 11.Bxd4 Be6 12.Rfd1 Qc7 13.Rac1 Rfc8 14.b3 Qa5 
15.Bxf6 Bxf6 16.Nd5 Qxd2 17.Nxf6+ Kg7 18.Nh5+ gxh5 19.Rxd2 Rc5 20.f4 f6 
21.Rc3 b5 22.b4 Rc7 23.Rg3+ Kh6 24.cxb5 axb5 25.a3 Rca7 26.Bxb5 Rxa3 27.
Rxa3 Rxa3 28.Rb2 d5 29.exd5 Bxd5 30.Be2 Kg6 31.b5 Kf5 32.b6 Ra8 33.g3 Rb8 
34.Kf2 Ke6 35.Bxh5 Kd6 36.Bf3 e6 37.Bxd5 Kxd5 38.g4 Kc6 39.h4 Kb7 40.g5 
fxg5 41.fxg5 Rc8 42.Kg3 Rc4 43.Rb5 e5 44.Rxe5 Kxb6 45.Re7 h5 46.gxh6 1-0

[Event "2nd EUR-ch (w)"]
[Site "Warsaw POL"]
[Date "2001.04.22"]
[Round "1.24"]
[White "Mamedyarova, Zeinab"]
[Black "Peng Zhaoqin"]
[Result "0-1"]
[WhiteElo "2226"]
[BlackElo "2391"]
[EventDate "2001.04.21"]
[PlyCount "60"]

1.d4 d5 2.c4 dxc4 3.e3 e6 4.Bxc4 Nf6 5.Nf3 a6 6.O-O c5 7.b3 b5 8.Be2 Bb7 
9.Bb2 Nbd7 10.Nbd2 Be7 11.dxc5 Nxc5 12.Ne5 O-O 13.Bf3 Nd5 14.Ne4 Rc8 15.
Qe2 Nxe4 16.Bxe4 f5 17.Bf3 Bd6 18.Rac1 Qe7 19.Rfd1 Rfd8 20.e4 fxe4 21.Bxe4
Rxc1 22.Rxc1 Qg5 23.Re1 Nf4 24.Qf3 Bxe5 25.h4 Qf6 26.Bxe5 Qxe5 27.Re3 Bxe4
28.Rxe4 Qa1+ 29.Kh2 e5 30.g3 Nd5 0-1

[Event "2nd EUR-ch (w)"]
[Site "Warsaw POL"]
[Date "2001.04.22"]
[Round "1.25"]
[White "Celuskina, Irina"]
[Black "Burvenich, Silvia"]
[Result "1/2-1/2"]
[WhiteElo "2388"]
[BlackElo "2224"]
[EventDate "2001.04.21"]
[PlyCount "78"]

1.g3 e5 2.Bg2 d5 3.c4 c6 4.Qc2 dxc4 5.Qxc4 Be6 6.Qc3 f6 7.Nf3 Qb6 8.O-O c5
9.d3 Ne7 10.Na3 Nd5 11.Qe1 Nc6 12.Nc4 Qc7 13.Bd2 Be7 14.a3 Qd7 15.b4 O-O 
16.b5 Nd4 17.Nxd4 cxd4 18.a4 Rac8 19.f4 exf4 20.gxf4 Bc5 21.Qg3 Ne7 22.
Rac1 Nf5 23.Qf2 Bd5 24.Bxd5+ Qxd5 25.Qg2 Qxg2+ 26.Kxg2 b6 27.Kf2 Rfe8 28.
a5 bxa5 29.Nxa5 Nd6 30.Nc6 Ba3 31.Nxa7 Bxc1 32.Nxc8 Rxc8 33.Rxc1 Rxc1 34.
Bxc1 Nxb5 35.Bb2 f5 36.e3 dxe3+ 37.Kxe3 Kf7 38.Kf3 Ke6 39.Bxg7 Kd5 1/2-1/2

[Event "2nd EUR-ch (w)"]
[Site "Warsaw POL"]
[Date "2001.04.22"]
[Round "1.26"]
[White "Tetenkina, Irina"]
[Black "Ovod, Evgenia"]
[Result "0-1"]
[WhiteElo "2221"]
[BlackElo "2383"]
[EventDate "2001.04.21"]
[PlyCount "110"]

1.c4 c5 2.g3 g6 3.Bg2 Bg7 4.e3 Nc6 5.Ne2 Nf6 6.Nbc3 d6 7.d3 Bd7 8.Rb1 Rb8 
9.a3 a6 10.b4 cxb4 11.axb4 b5 12.cxb5 axb5 13.O-O O-O 14.d4 Qb6 15.Qb3 
Rfc8 16.Bb2 e6 17.Nf4 Ne7 18.Rfc1 Rc7 19.Ra1 Rbc8 20.Ra5 e5 21.dxe5 dxe5 
22.Nd3 e4 23.Nxe4 Rxc1+ 24.Nxc1 Nxe4 25.Bxe4 Qd6 26.Bxg7 Rxc1+ 27.Kg2 Bc6 
28.Bd4 Bxe4+ 29.f3 Rc2+ 30.Kg1 Rc1+ 31.Kg2 Bd5 32.Qb2 Qc6 33.Bc5 Bxf3+ 34.
Kf2 Rh1 35.Qe5 Rxh2+ 36.Ke1 Re2+ 37.Kf1 Bg4 38.e4 Rxe4 39.Qd6 Qxd6 40.Bxd6
Nf5 41.Bc5 h5 42.Kg2 Re2+ 43.Kg1 Nxg3 44.Bd4 Bd7 45.Ra7 Be8 46.Bf2 Nf5 47.
Kf1 Re4 48.Bc5 g5 49.Kg2 g4 50.Ra6 Kg7 51.Rb6 h4 52.Ra6 h3+ 53.Kg1 Re1+ 
54.Kf2 h2 55.Ra8 g3+ 0-1

[Event "2nd EUR-ch (w)"]
[Site "Warsaw POL"]
[Date "2001.04.22"]
[Round "1.29"]
[White "Calotescu, Ana-Cristina"]
[Black "Zielinska, Marta"]
[Result "0-1"]
[WhiteElo "2218"]
[BlackElo "2377"]
[EventDate "2001.04.21"]
[PlyCount "114"]

1.Nf3 Nf6 2.d4 g6 3.c4 Bg7 4.g3 O-O 5.Bg2 d5 6.cxd5 Nxd5 7.O-O Nb6 8.Nc3 
Nc6 9.d5 Na5 10.e4 c6 11.Be3 Nac4 12.Bd4 Nxb2 13.Qe2 Bxd4 14.Nxd4 N2c4 15.
a4 e5 16.Nb3 a5 17.Rfd1 Qe7 18.Rac1 Bd7 19.Bf1 Rfc8 20.Qa2 cxd5 21.exd5 
Nd6 22.Qa3 Kf8 23.Re1 Nbc4 24.Qa1 Kg8 25.Ne4 b5 26.axb5 Bxb5 27.f4 a4 28.
Nbd2 Nxd2 29.Rxc8+ Rxc8 30.Nxd2 Qa7+ 31.Kh1 Bxf1 32.Nxf1 exf4 33.gxf4 Qf2 
34.Ne3 Re8 35.Ng2 Rxe1+ 36.Qxe1 Qxe1+ 37.Nxe1 a3 38.Kg2 a2 39.Nc2 Nc4 40.
Kf2 Kf8 41.Ke2 Nb6 42.d6 Nc4 43.Kd3 Nxd6 44.Kc3 Ke7 45.Kb2 a1=Q+ 46.Kxa1 
Kf6 47.Ne3 h5 48.Kb2 Nf5 49.Ng2 Nd4 50.Kc3 Nf3 51.h3 Ng1 52.h4 Kf5 53.Kd4 
Nf3+ 54.Ke3 Kg4 55.Ke4 f5+ 56.Ke3 Nxh4 57.Ne1 Kg3 0-1

[Event "2nd EUR-ch (w)"]
[Site "Warsaw POL"]
[Date "2001.04.22"]
[Round "1.30"]
[White "Partac, Elena"]
[Black "Shumiakina, Tatiana"]
[Result "1/2-1/2"]
[WhiteElo "2216"]
[BlackElo "2376"]
[EventDate "2001.04.21"]
[PlyCount "57"]

1.e4 c5 2.Nc3 Nc6 3.g3 g6 4.Bg2 Bg7 5.d3 d6 6.Be3 Nf6 7.h3 e5 8.Nge2 Be6 
9.O-O Qd7 10.Kh2 h5 11.Nd5 Bxd5 12.exd5 Ne7 13.c4 Nf5 14.Bd2 O-O 15.Nc3 
Rfe8 16.Ne4 Nd4 17.Be3 b5 18.b3 Rab8 19.Nxf6+ Bxf6 20.Bxd4 exd4 21.Qd2 
bxc4 22.bxc4 Kg7 23.Rab1 Qa4 24.h4 Qa3 25.Rfc1 Rxb1 26.Rxb1 Qc3 27.Qd1 Re7
28.Be4 Qa5 29.Rb2 1/2-1/2

[Event "2nd EUR-ch (w)"]
[Site "Warsaw POL"]
[Date "2001.04.22"]
[Round "1.34"]
[White "Gvetadze, Sopio"]
[Black "Danielian, Elina"]
[Result "0-1"]
[WhiteElo "2208"]
[BlackElo "2369"]
[EventDate "2001.04.21"]
[PlyCount "90"]

1.e4 c6 2.d4 d5 3.Nc3 dxe4 4.Nxe4 Nd7 5.Nf3 Ngf6 6.Ng3 g6 7.Bd3 Bg7 8.O-O 
O-O 9.Re1 c5 10.c3 cxd4 11.Nxd4 e5 12.Nb3 Qc7 13.Qc2 b6 14.f3 Bb7 15.Be3 
Nd5 16.Bf2 f5 17.Rad1 N7f6 18.Nd2 Nf4 19.Bf1 Rad8 20.c4 e4 21.b4 h5 22.h3 
Nd3 23.Bxd3 Rxd3 24.Ngf1 Rfd8 25.fxe4 Nxe4 26.Nxe4 Bxe4 27.Rxd3 Bxd3 28.
Qc1 Qxc4 29.Qg5 Rd6 30.Re7 Rf6 31.Ne3 Qc1+ 32.Kh2 Rf7 33.Bg3 Rxe7 34.Qxe7 
Be4 35.Bf4 Qb2 36.Qxa7 g5 37.Bxg5 Be5+ 38.Kg1 Qc1+ 39.Kf2 Qd2+ 40.Kg1 Qe1+
41.Nf1 Bd4+ 42.Kh2 Qxf1 43.Qb8+ Kh7 44.Qc7+ Bg7 45.Qg3 Be5 0-1

[Event "2nd EUR-ch (w)"]
[Site "Warsaw POL"]
[Date "2001.04.22"]
[Round "1.35"]
[White "Klinova, Masha"]
[Black "Kludacz, Magdalena"]
[Result "0-1"]
[WhiteElo "2368"]
[BlackElo "2203"]
[EventDate "2001.04.21"]
[PlyCount "94"]

1.e4 e6 2.d3 d5 3.Nd2 Nf6 4.Ngf3 c5 5.g3 g6 6.Bg2 Bg7 7.O-O O-O 8.Re1 Nc6 
9.h4 dxe4 10.dxe4 e5 11.c3 Be6 12.Qc2 Qc7 13.Bf1 Rad8 14.a4 Na5 15.b3 h6 
16.Ba3 Rc8 17.Rab1 Rfd8 18.Be2 Ne8 19.Nh2 f5 20.h5 Qf7 21.Nc4 Nxc4 22.Bxc4
fxe4 23.hxg6 Qxg6 24.Qxe4 Qf7 25.Bxe6 Qxe6 26.Qxb7 Rc7 27.Qe4 Nd6 28.Qg4 
Qf6 29.Rbd1 e4 30.c4 Rf8 31.Re2 Nf5 32.Bb2 Nd4 33.Bxd4 cxd4 34.Qxe4 Rcf7 
35.Rd3 Qg5 36.Kg2 Qc1 37.Ng4 Rf5 38.Qe6+ Kh8 39.Qe4 h5 40.Nh2 Qb1 41.f4 h4
42.Rf3 Qc1 43.Qc2 h3+ 44.Kxh3 Qh1 45.Ref2 Rh5+ 46.Kg4 Rh6 47.f5 Be5 0-1

[Event "2nd EUR-ch (w)"]
[Site "Warsaw POL"]
[Date "2001.04.22"]
[Round "1.36"]
[White "Cherednichenko, Svetlana"]
[Black "Agababean, Naira"]
[Result "0-1"]
[WhiteElo "2203"]
[BlackElo "2362"]
[EventDate "2001.04.21"]
[PlyCount "92"]

1.d4 e6 2.c4 b6 3.Nc3 Bb7 4.e4 g6 5.Bd3 Bg7 6.Nge2 d6 7.O-O Nd7 8.Be3 Ne7 
9.f4 f5 10.d5 exd5 11.exd5 Nf6 12.Nd4 Bc8 13.h3 O-O 14.Qf3 Bd7 15.Rfe1 Kh8
16.Bf2 Rc8 17.Ne6 Bxe6 18.Rxe6 a6 19.Rae1 Neg8 20.Ne2 Nd7 21.b4 Rf7 22.Nd4
Nf8 23.Nc6 Qd7 24.g4 fxg4 25.hxg4 a5 26.f5 axb4 27.Qh3 Bc3 28.R1e2 gxf5 
29.Bxf5 Rxf5 30.gxf5 Nxe6 31.fxe6 Qg7+ 32.Kh1 Ne7 33.Na7 Rf8 34.Nb5 Be5 
35.Nxc7 Qg6 36.Nb5 Rf5 37.Nxd6 Rh5 38.Nf7+ Kg8 39.Bh4 Qb1+ 40.Kg2 Bd4 41.
Qg3+ Ng6 42.e7 Qg1+ 43.Kf3 Qf1+ 44.Rf2 Qd3+ 45.Kg4 Rxh4+ 46.Qxh4 Qe4+ 0-1

[Event "2nd EUR-ch (w)"]
[Site "Warsaw POL"]
[Date "2001.04.22"]
[Round "1.37"]
[White "Kononenko, Tatiana"]
[Black "Schuurman, Petra"]
[Result "1-0"]
[WhiteElo "2361"]
[BlackElo "2193"]
[EventDate "2001.04.21"]
[PlyCount "79"]

1.d4 Nf6 2.c4 c5 3.Nf3 g6 4.Nc3 cxd4 5.Nxd4 Bg7 6.g3 Nc6 7.Bg2 O-O 8.O-O 
Ng4 9.e3 Nge5 10.b3 d6 11.h3 Rb8 12.Bb2 a6 13.Nce2 Qc7 14.f4 Nd7 15.Qd2 
Nc5 16.Rac1 Ne6 17.Kh2 Nexd4 18.exd4 b6 19.Bc3 Rb7 20.d5 Nb8 21.Bxg7 Kxg7 
22.Nd4 Kg8 23.f5 Nd7 24.Nc6 Re8 25.fxg6 hxg6 26.Rce1 Ne5 27.Qh6 Bf5 28.Rf4
f6 29.Rh4 g5 30.Qh8+ Kf7 31.Rh7+ Bxh7 32.Qxh7+ Kf8 33.Nd4 e6 34.Nxe6+ Rxe6
35.Qh8+ Ke7 36.dxe6 Kxe6 37.Qe8+ Qe7 38.Bd5+ Kf5 39.g4+ Kf4 40.Re4+ 1-0

[Event "2nd EUR-ch (w)"]
[Site "Warsaw POL"]
[Date "2001.04.22"]
[Round "1.41"]
[White "Graf-Mamedova, Rena"]
[Black "Kadziolka, Beata"]
[Result "1-0"]
[WhiteElo "2353"]
[BlackElo "2164"]
[EventDate "2001.04.21"]
[PlyCount "99"]

1.d4 Nf6 2.c4 c5 3.d5 b5 4.cxb5 a6 5.e3 g6 6.Nc3 Bg7 7.Nf3 d6 8.Bc4 O-O 9.
a4 axb5 10.Bxb5 Ba6 11.Rb1 Bxb5 12.axb5 Nbd7 13.O-O Nb6 14.e4 Nfd7 15.Qc2 
Ra7 16.Bf4 Qa8 17.Rbe1 f6 18.h4 Na4 19.h5 Nxc3 20.bxc3 Nb6 21.hxg6 hxg6 
22.Be3 Ra2 23.Qd3 Qa4 24.Nd2 Qc2 25.Qxc2 Rxc2 26.Rc1 Rxc1 27.Rxc1 Ra8 28.
f4 Bh6 29.Kf2 Ra5 30.c4 Ra3 31.g3 Kf7 32.Ke2 f5 33.e5 Bg7 34.Nf3 Ra4 35.
Kd3 Bh6 36.Rc3 Ra2 37.Nd2 Bg7 38.Nf3 Na4 39.Ng5+ Ke8 40.Rc2 Nb2+ 41.Ke2 
Na4 42.Rxa2 Nc3+ 43.Kd2 Nxa2 44.Ne6 Bh6 45.exd6 exd6 46.Kc2 Nb4+ 47.Kb3 
Kd7 48.Bxc5 dxc5 49.Nxc5+ Kc7 50.Ne6+ 1-0

[Event "2nd EUR-ch (w)"]
[Site "Warsaw POL"]
[Date "2001.04.22"]
[Round "1.42"]
[White "Georgieva, Liubka"]
[Black "Socko, Monika"]
[Result "1/2-1/2"]
[WhiteElo "2162"]
[BlackElo "2351"]
[EventDate "2001.04.21"]
[PlyCount "63"]

1.e4 e6 2.d3 c5 3.Nf3 Nc6 4.g3 g6 5.h4 h6 6.Bg2 Bg7 7.c3 Nge7 8.O-O d5 9.
Qe2 b6 10.e5 Qc7 11.Re1 Ba6 12.Na3 O-O-O 13.Bd2 g5 14.hxg5 hxg5 15.Bxg5 
Rdg8 16.Qd2 Ng6 17.d4 Bf8 18.Nc2 Kb8 19.b4 c4 20.a4 Bc8 21.b5 Na5 22.Rab1 
Be7 23.Bxe7 Nxe7 24.Nb4 Nf5 25.Nc6+ Nxc6 26.bxc6 a5 27.Rb2 Ka7 28.Reb1 Ne7
29.Rxb6 Nxc6 30.R6b2 Ba6 31.Qf4 Rg7 32.Qe3 1/2-1/2

[Event "2nd EUR-ch (w)"]
[Site "Warsaw POL"]
[Date "2001.04.22"]
[Round "1.44"]
[White "Ciuksyte, Zivile"]
[Black "Demina, Yulia"]
[Result "1/2-1/2"]
[WhiteElo "2150"]
[BlackElo "2350"]
[EventDate "2001.04.21"]
[PlyCount "95"]

1.e4 c5 2.Nf3 Nc6 3.d4 cxd4 4.Nxd4 Nf6 5.Nc3 d6 6.Bg5 e6 7.Qd2 Qb6 8.O-O-O
Qxd4 9.Qxd4 Nxd4 10.Rxd4 a6 11.Bxf6 gxf6 12.Na4 Bd7 13.Nb6 Rd8 14.Nxd7 
Rxd7 15.Be2 Ke7 16.Rhd1 Bg7 17.R4d3 Rc8 18.Rh3 h6 19.f4 Rdc7 20.c3 Rc5 21.
Rg3 Bf8 22.Rgd3 Ke8 23.Bf3 R8c7 24.Kb1 f5 25.Re1 fxe4 26.Bxe4 Kd8 27.g4 
Kc8 28.f5 Re5 29.Rdd1 Be7 30.Bd3 Rxe1 31.Rxe1 e5 32.Be4 Rc5 33.Rd1 Rc4 34.
Re1 Bh4 35.Re2 Bg5 36.Re1 f6 37.h3 Rc5 38.Rd1 Kc7 39.Bd5 a5 40.a4 b5 41.
axb5 Rxb5 42.Bc4 Rc5 43.Bd5 Bh4 44.Kc2 Bf2 45.b3 Bd4 46.Bc4 Bf2 47.Bd5 Bd4
48.Rxd4 1/2-1/2

[Event "2nd EUR-ch (w)"]
[Site "Warsaw POL"]
[Date "2001.04.22"]
[Round "1.45"]
[White "Stiazhkina, Olga"]
[Black "Johansson, Victoria"]
[Result "1/2-1/2"]
[WhiteElo "2346"]
[BlackElo "2149"]
[EventDate "2001.04.21"]
[PlyCount "111"]

1.d4 Nf6 2.Nf3 g6 3.b3 Bg7 4.Bb2 O-O 5.g3 d5 6.Bg2 c6 7.O-O Bf5 8.Nbd2 Qc8
9.Re1 h6 10.c4 Bh3 11.Bh1 Nbd7 12.Rc1 Qd8 13.e4 dxe4 14.Nxe4 Nxe4 15.Rxe4 
Nf6 16.Re1 Re8 17.Ne5 h5 18.Qf3 Bf5 19.Qe2 Qb6 20.Bg2 Bh6 21.Rcd1 Rad8 22.
h3 a5 23.g4 hxg4 24.hxg4 Bc8 25.Bf3 Bf4 26.Kg2 Kg7 27.Nd3 Qc7 28.Nxf4 Qxf4
29.Bc1 Qd6 30.Rh1 Rh8 31.g5 Nh5 32.Qe5+ Qxe5 33.dxe5 Rxd1 34.Rxd1 Be6 35.
a4 Ra8 36.Be4 Kg8 37.Be3 Kf8 38.Kf3 Ke8 39.Bc5 Ng7 40.Rh1 Nh5 41.Ke3 Bg4 
42.Rg1 Be6 43.Bc2 Ra6 44.Be4 Ra8 45.Rh1 Bg4 46.Bc2 Kd7 47.Rh4 Be6 48.Rd4+ 
Ke8 49.Bb6 Ng7 50.Rh4 Kd7 51.Rh7 Nf5+ 52.Kf4 Ra6 53.Bc5 b6 54.Ba3 c5 55.
Bb2 Ra8 56.Rh1 1/2-1/2